Estudio de pre-factibilidad para instalar una planta de galletas de Soda

Furkejuvvon:
Bibliográfalaš dieđut
Váldodahkki: Flores Ortiz, Juan Antonio
Materiálatiipa: Girji
Almmustuhtton: San José, Costa Rica 1992
Fáttát:
Fáddágilkorat: Lasit fáddágilkoriid
Eai fáddágilkorat, Lasit vuosttaš fáddágilkora!

MARC

LEADER 00000nam a2200000Ia 4500
003 005410
005 20221231144325.0
008 140114s1992 cr a m 000 ||s d
040 |c cru CEDI 
090 |a TFG 2576 
100 |a Flores Ortiz, Juan Antonio  |9 12560 
245 |a Estudio de pre-factibilidad para instalar una planta de galletas de Soda 
260 |c 1992  |a San José, Costa Rica 
300 |a  v, 106 hojas : ilustraciones ; 28 cm.  
500 |a  Proyecto de graduación (licenciatura en ingeniería química)--Universidad de Costa Rica. Facultad de Ingeniería. Escuela de Ingeniería Química 
650 |x GALLETAS   |x  INDUSTRIA Y COMERCIO  |9 12561 
942 |c TFG 
999 |c 20156  |d 20156